赤嶺駅から直線距離で一番近い駅【都道府県別】 - Statistics

General Stats
  • This quiz has been taken 43 times
  • The average score is 13 of 47
Answer Stats
都道府県 駅名 距離(km) % Correct
北海道 木古内 2081
71%
鹿児島県 枕崎 621
71%
神奈川県 湯河原 1477
66%
山口県 下関 918
60%
静岡県 新所原 1335
54%
千葉県 館山 1522
46%
石川県 大聖寺 1391
46%
愛媛県 宇和島 914
43%
高知県 宿毛 894
43%
埼玉県 三峰口 1528
40%
広島県 大竹 994
40%
茨城県 古河 1594
37%
群馬県 下仁田 1534
34%
東京都 高尾山口 1524
34%
福岡県 大牟田 806
34%
三重県 鵜殿 1162
31%
兵庫県 備前福河 1145
31%
島根県 津和野 1001
31%
富山県 城端 1444
29%
愛知県 内海 1296
29%
岡山県 笠岡 1080
29%
新潟県 市振 1526
26%
徳島県 大歩危 1037
26%
沖縄県 小禄 1
26%
福島県 只見 1656
23%
大阪府 孝子 1152
23%
宮城県 越河 1783
20%
滋賀県 追分 1252
20%
佐賀県 肥前大浦 793
20%
宮崎県 福島高松 678
20%
岩手県 油島 1885
17%
京都府 山田川 1228
17%
鳥取県 上石見 1131
17%
長崎県 石橋 758
17%
青森県 大間越 1953
14%
秋田県 小砂川 1835
14%
山形県 小国 1739
14%
静岡県 中井侍 1397
14%
岐阜県 美濃松山 1314
14%
奈良県 大和二見 1189
14%
和歌山県 椿 1112
14%
福井県 青郷 1274
11%
熊本県 714
11%
栃木県 小俣 1585
9%
山梨県 井出 1442
9%
香川県 箕浦 1044
9%
大分県 豊後荻 827
9%
No matching quizzes found
Score Distribution
Percent of People with Each Score
Percentile by Number Answered
Your Score History
You have not taken this quiz